Competitiveness of the Labour Market and the Welfare Burden on Employing Entities – Selected Reflections from the Polish Perspective
Analýza vybraných problémov fenoménu samozamestnávania v Poľsku z pohľadu konkurencieschopnosti trhu práce a sociálnej záťaže. Neschopnosť poľskej praxe efektívne riešiť problém fiktívnej samostatnej zárobkovej činnosti. Skúmane hlavných slabých stránok súčasných vecných a procesných riešení v tejto...
Enregistré dans:
| Auteur principal: | |
|---|---|
| Format: | Chapitre de livre |
| Langue: | anglais |
| Sujets: | |
| Tags: |
Pas de tags, Soyez le premier à ajouter un tag!
|
MARC
| LEADER | 00000naa a2200000 4500 | ||
|---|---|---|---|
| 001 | 0281721 | ||
| 005 | 20220203143756.5 | ||
| 041 | 0 | |a eng | |
| 044 | |a SK | ||
| 245 | 1 | 0 | |a Competitiveness of the Labour Market and the Welfare Burden on Employing Entities – Selected Reflections from the Polish Perspective |c Małgorzata Mędrala |
| 520 | |a Analýza vybraných problémov fenoménu samozamestnávania v Poľsku z pohľadu konkurencieschopnosti trhu práce a sociálnej záťaže. Neschopnosť poľskej praxe efektívne riešiť problém fiktívnej samostatnej zárobkovej činnosti. Skúmane hlavných slabých stránok súčasných vecných a procesných riešení v tejto oblasti. | ||
| 610 | 2 | 0 | |a konkurencieschopnosť |
| 610 | 2 | 0 | |a trh práce |
| 610 | 2 | 0 | |a osoby samostatne zárobkovo činné |
| 610 | 2 | 0 | |a zamestnanci |
| 610 | 2 | 0 | |a zamestnávatelia |
| 610 | 2 | 0 | |a Poľsko |
| 100 | 1 | |a Mędrala, Małgorzata | |